| 000 | 00453nam a22001577a 4500 | ||
|---|---|---|---|
| 005 | 20240702120831.0 | ||
| 008 | 240702b |||||||| |||| 00| 0 eng d | ||
| 041 | _aEnglish | ||
| 082 | _a349 ANN | ||
| 100 | _lEnglish | ||
| 245 | _aAnnual Survey of South African Law | ||
| 260 |
_aCape Town: _bJuta and Company Ltd, _c2000 |
||
| 300 |
_blii, 925 pages; _c23 cm. |
||
| 650 |
_aLegal practice _bLaw |
||
| 942 |
_cBK _6ALISON_BN_VRIES |
||
| 999 |
_c2074 _d2074 |
||